| 000 | 01106cam a22003257a 4500 | ||
|---|---|---|---|
| 003 | CHAP | ||
| 005 | 20220329132946.0 | ||
| 008 | 971013s1986 r 00010 d | ||
| 010 | _a662 | ||
| 011 | _a1634 | ||
| 035 | _a810 | ||
| 040 | _cCHAP | ||
| 082 |
_a550 _bL44Y 1983 |
||
| 100 | 0 | 0 |
_aLegget, Robert F. _965651 |
| 245 | 0 | _aGeología aplicada a la ingeniería civil | |
| 260 |
_aMèxico, D. F. : _bMcGraw-Hill, _c1986 |
||
| 300 |
_ac.a 900 p. _b: ilus. |
||
| 500 | _aTrad. de: Handbookk of geology in civil engineering, 3 ed. 1983. | ||
| 590 |
_aBATCH-UPD _b10 _c20130110 _lUCH01 _h1712 |
||
| 590 |
_aBATCH-UPD _b10 _c20130410 _lUCH01 _h1057 |
||
| 590 |
_aBATCH-UPD _b10 _c20130914 _lUCH01 _h1538 |
||
| 590 |
_aCONVERSION _b10 _c20130109 _lUCH01 _h1302 |
||
| 650 | 1 | 4 |
_aGeología. _947604 |
| 650 | 1 | 4 |
_aIngeniería civil. _958214 |
| 700 | 0 |
_aKarrow, Paul F. _962760 |
|
| 901 | _aBK | ||
| 942 | _cLIBRO | ||
| 949 |
_a550 L44Y 1983 _bBC _cLIBRO _d33724000868451 _eLIBRO _gI. c/e _h77301 _i810 _mDir. _si _t48.10 |
||
| 949 |
_a550 L44Y 1983 _bBC _cLIBRO _d33724000911699 _eLIBRO _fc.2 _gI. c/e _h77302 _i810 _mDir. _si _t48.10 |
||
| 999 |
_c662 _d662 |
||